Transferts Été 2024 - Click quiz - Statistiques

Statistiques générales
  • Ce quiz a été pris 327 fois
  • Le résultat moyen est 24 sur 40
Statistiques - réponses
Hint Réponse % Correct
Michael Olise Bayern Munich
88%
Kylian Mbappé Real Madrid
88%
Julián Álvarez Atlético de Madrid
85%
Dani Olmo FC Barcelone
85%
Pierre-Emile Højbjerg Olympique de Marseille
83%
Willian Pacho Paris Saint-Germain
83%
İlkay Gündoğan Manchester City
81%
Serhou Guirassy Borussia Dortmund
79%
Federico Chiesa FC Liverpool
79%
Martin Terrier Bayer Leverkusen
75%
Noussair Mazraoui Manchester United
74%
Raheem Sterling Arsenal
73%
João Félix Chelsea
72%
Wilfried Zaha Olympique Lyonnais
70%
Pierre-Emerick Aubameyang Al-Qadsiah
69%
Iliman Ndiaye Everton
68%
João Cancelo Al-Hilal
67%
Moussa Diaby Al-Ittihad
65%
Scott McTominay Napoli SSC
65%
Douglas Luiz Juventus
64%
Tammy Abraham AC Milan
60%
Xherdan Shaqiri FC Bâle
59%
Ciro Immobile Beşiktaş
56%
Renato Sanches Benfica
55%
Djibril Sidibé Toulouse FC
52%
Ivan Toney Al-Ahli
51%
James Ward-Prowse Nottingham Forest
49%
Piotr Zieliński Inter Milan
47%
Arthur Theate Eintracht Francfort
44%
Albert Grønbæk Stade Rennais
43%
Ferdi Kadıoğlu Brighton
41%
Allan Saint-Maximin Fenerbahçe
41%
Kepa Arrizabalaga Bournemouth
40%
Samu Omorodion FC Porto
38%
Antonio Nusa RB Leipzig
38%
Nayef Aguerd Real Sociedad
37%
Odilon Kossounou Atalanta Bergame
36%
Marc Roca Real Betis
30%
Stefan Bajčetić RB Salzbourg
26%
Daniele Rugani Ajax Amsterdam
23%
Aucun quiz correspondant
Distribution des résultats
% des personnes avec chaque résultat
Percentile par nombre de réponses
Votre historique - résultats
Vous n’avez pas pris ce quiz